Strengthening judicial reforms. (Record no. 595)

MARC details
000 -LEADER
fixed length control field 02357cam a2200433 a 4500
001 - CONTROL NUMBER
control field 13600267
003 - CONTROL NUMBER IDENTIFIER
control field OSt
005 - DATE AND TIME OF LATEST TRANSACTION
control field 20230606111434.0
008 - FIXED-LENGTH DATA ELEMENTS--GENERAL INFORMATION
fixed length control field 040414m20019999ke a b 000 0 eng
010 ## - LIBRARY OF CONGRESS CONTROL NUMBER
LC control number 2003407011
020 ## - INTERNATIONAL STANDARD BOOK NUMBER
International Standard Book Number 996695872X (v. 3)
020 ## - INTERNATIONAL STANDARD BOOK NUMBER
International Standard Book Number 9966958371 (v. 8)
020 ## - INTERNATIONAL STANDARD BOOK NUMBER
International Standard Book Number 9966958134 (v. 7)
020 ## - INTERNATIONAL STANDARD BOOK NUMBER
International Standard Book Number 9966958851 (v. 9)
020 ## - INTERNATIONAL STANDARD BOOK NUMBER
International Standard Book Number 9966958509 (v. 10)
020 ## - INTERNATIONAL STANDARD BOOK NUMBER
International Standard Book Number 9966958827 (v. 13)
035 ## - SYSTEM CONTROL NUMBER
System control number (DLC) 2003407011
040 ## - CATALOGING SOURCE
Original cataloging agency DLC
Transcribing agency DLC
Modifying agency DLC
042 ## - AUTHENTICATION CODE
Authentication code lcode
043 ## - GEOGRAPHIC AREA CODE
Geographic area code f-ke---
050 00 - LIBRARY OF CONGRESS CALL NUMBER
Classification number KSK3441
Item number .S77 2001
082 00 - DEWEY DECIMAL CLASSIFICATION NUMBER
Classification number 347.6762
Item number CJ
245 00 - TITLE STATEMENT
Title Strengthening judicial reforms.
246 1# - VARYING FORM OF TITLE
Display text Some vols. have title:
Title proper/short title Strengthening judicial reforms in Kenya
260 ## - PUBLICATION, DISTRIBUTION, ETC. (IMPRINT)
Place of publication, distribution, etc. Nairobi :
Name of publisher, distributor, etc. International Commission of Jurists, Kenya Section,
Date of publication, distribution, etc. [2001]-<2011>
300 ## - PHYSICAL DESCRIPTION
Extent v. <1-5, 7-10, 13> :
Other physical details ill. (some col.) ;
Dimensions 21-30 cm.
500 ## - GENERAL NOTE
General note Title page for volume 13: "Strengthening judicial reforms series XIII", also "UK aid from the Department for International Development" and "titi making integrity work".
504 ## - BIBLIOGRAPHY, ETC. NOTE
Bibliography, etc Includes bibliographical references.
505 1# - FORMATTED CONTENTS NOTE
Formatted contents note [v. 1.] Performance indicators: public perceptions of the Kenya judiciary -- v. 2. The role of the judiciary in a patronage system -- v. 3. Public perceptions and proposals on the judiciary in the new Constitution -- v. 4. Performance indicators: public perceptions of the court divisions, Children's Court and the anti-corruption court -- v. 5. Public perceptions of the magistrates' courts -- v. 7. Public perceptions of chapter nine of the draft Constitution of Kenya -- v. 8. Progress assessment from 2000-2003 -- v. 9. The anti-corruption court in Kenya -- v. 10. Administrative reforms -- v. 13 Pro poor integirty guidelines for the Kenyan judiciary.
650 #0 - SUBJECT ADDED ENTRY--TOPICAL TERM
Topical term or geographic name as entry element Courts
Geographic subdivision Kenya.
650 #0 - SUBJECT ADDED ENTRY--TOPICAL TERM
Topical term or geographic name as entry element Judicial power
Geographic subdivision Kenya.
650 #0 - SUBJECT ADDED ENTRY--TOPICAL TERM
Topical term or geographic name as entry element Law reform
Geographic subdivision Kenya.
710 2# - ADDED ENTRY--CORPORATE NAME
Corporate name or jurisdiction name as entry element International Commission of Jurists (1952- ).
Subordinate unit Kenya Section.
906 ## - LOCAL DATA ELEMENT F, LDF (RLIN)
a 7
b cbc
c origode
d 2
e ncip
f 20
g y-gencatlg
942 ## - ADDED ENTRY ELEMENTS (KOHA)
Source of classification or shelving scheme Dewey Decimal Classification
Koha item type Books
Holdings
Withdrawn status Lost status Source of classification or shelving scheme Damaged status Not for loan Home library Current library Date acquired Total Checkouts Full call number Barcode Date last seen Price effective from Koha item type
    Dewey Decimal Classification     Bunge Tower Library Bunge Tower Library 06/06/2023   347.6762 CJ 1000249 06/06/2023 06/06/2023 Books
LIBRARY OPENING HOURS

When the Parliament is sitting: 8.00a.m - 7.00p.m or until the house adjourns
Mondays and Fridays and when the House is on Recess:  8.00a.m - 5.00p.m
Closed on Weekends and Public Holidays

Online Public Access Catalog (OPAC)
Website: http://www.parliament.go.ke
Bunge Library: https://libraryir.parliament.go.ke
Contact: library@parliament.go.ke | Tel no: (254-2)2221291 or 2848000 Ext 5043